[Event "Bundesliga 2022-23"]
[Site "Deizisau GER"]
[Date "2022.11.27"]
[Round "4.5"]
[Board "1"]
[White "Moussard, Jules"]
[Black "Parligras, Mircea-Emilian"]
[Result "1-0"]
[WhiteTitle "GM"]
[BlackTitle "GM"]
[WhiteElo "2686"]
[BlackElo "2560"]
[WhiteTeam "Schachfreunde Deizisau"]
[BlackTeam "SC Remagen Sinzig"]
[WhiteFideId "642908"]
[BlackFideId "1204297"]
[EventDate "2022.10.22"]

1. e4 e5 2. Nf3 Nc6 3. Bb5 Nf6 4. d3 Bc5 5. Bxc6 dxc6 6. Nbd2 Be6 7. O-O Nd7 8.
Nb3 Bb6 9. Ng5 Bxb3 10. axb3 f6 11. Nf3 Nf8 12. Nd2 Qe7 13. Nc4 Ne6 14. Kh1 O-O
15. g3 Rad8 16. Be3 Kh8 17. Qd2 Bc5 18. f3 a6 19. Qf2 Bxe3 20. Nxe3 Nd4 21. Rae1
Qd7 22. f4 exf4 23. gxf4 f5 24. b4 g6 25. e5 Ne6 26. Rd1 Ra8 27. d4 b5 28. c3 a5
29. bxa5 Rxa5 30. Nc2 Qd5+ 31. Qg2 Qxg2+ 32. Kxg2 Ra2 33. Rb1 Ra4 34. Kg3 Rd8
35. b3 Raa8 36. Ra1 Kg7 37. Kf3 Rxa1 38. Rxa1 c5 39. Ke3 b4 40. Rd1 cxd4+ 41.
cxd4 Rd5 42. Nxb4 Rb5 43. Nd3 Rd5 44. Rc1 Nxd4 45. Rxc7+ Kg8 46. b4 h6 47. h4 g5
48. hxg5 hxg5 49. fxg5 Ne6 50. Rc6 f4+ 51. Kd2 Nd4 52. Rg6+ Kh7 53. Rd6 Nf3+ 54.
Kc3 Rb5 55. Rf6 Nxg5 56. Rxf4 Rb8 1-0

[Event "Bundesliga 2022-23"]
[Site "Deizisau GER"]
[Date "2022.11.27"]
[Round "4.5"]
[Board "2"]
[White "Plat, Vojtech"]
[Black "Bluebaum, Matthias"]
[Result "1/2-1/2"]
[WhiteTitle "GM"]
[BlackTitle "GM"]
[WhiteElo "2546"]
[BlackElo "2647"]
[WhiteTeam "SC Remagen Sinzig"]
[BlackTeam "Schachfreunde Deizisau"]
[WhiteFideId "325740"]
[BlackFideId "24651516"]
[EventDate "2022.10.22"]

1. e4 c6 2. d4 d5 3. exd5 cxd5 4. Bd3 Nc6 5. c3 Qc7 6. Ne2 Bg4 7. O-O e6 8. Qe1
Be7 9. Bf4 Qb6 10. Na3 a6 11. Nc2 Bh5 12. Be5 Nxe5 13. dxe5 Bg6 14. Qd2 Qc7 15.
f4 Bc5+ 16. Ncd4 Ne7 17. Kh1 Qd7 18. f5 Bxf5 19. Bxf5 exf5 20. Nf4 Bxd4 21. cxd4
O-O 22. Nh5 Ng6 23. Qg5 Qa4 24. Rf4 h6 25. Qg3 Rac8 26. Raf1 Qb4 27. h4 Qxb2 28.
e6 Rc6 29. e7 Re8 30. Rxf5 Rxe7 31. Qb8+ Kh7 32. Rxf7 Qxd4 33. Nf6+ Rxf6 34.
R1xf6 Qxh4+ 35. Qh2 Re1+ 36. Rf1 Rxf1+ 37. Rxf1 Qc4 38. Rd1 Qxa2 39. Qd6 b5 40.
Qxd5 Qe2 41. Ra1 b4 42. Qa2 Qh5+ 43. Kg1 Qe5 44. Qxa6 Nf4 45. Qa2 Ne2+ 46. Kf2
Nd4 47. Qb1+ Nf5 48. Kg1 Qd4+ 49. Kh2 Qf4+ 50. Kg1 Qd4+ 51. Kh2 g6 52. Qa2 Qd6+
53. Kg1 Qd4+ 54. Kh2 Qh4+ 55. Kg1 Qd4+ 1/2-1/2

[Event "Bundesliga 2022-23"]
[Site "Deizisau GER"]
[Date "2022.11.27"]
[Round "4.5"]
[Board "3"]
[White "Kamsky, Gata"]
[Black "Pavlidis, Antonios"]
[Result "1/2-1/2"]
[WhiteTitle "GM"]
[BlackTitle "GM"]
[WhiteElo "2666"]
[BlackElo "2550"]
[WhiteTeam "Schachfreunde Deizisau"]
[BlackTeam "SC Remagen Sinzig"]
[WhiteFideId "2000024"]
[BlackFideId "4212312"]
[EventDate "2022.10.22"]

1. d4 d5 2. Bf4 c5 3. e3 Nc6 4. c3 Qb6 5. Qb3 c4 6. Qc2 e5 7. Bxe5 Bf5 8. Qc1
Nxe5 9. dxe5 O-O-O 10. Nf3 f6 11. e6 Bxe6 12. Nbd2 f5 13. g3 Nf6 14. Nd4 Bc5 15.
Bg2 g5 16. b3 f4 17. bxc4 fxe3 18. fxe3 Ng4 19. Rb1 Qd6 20. N2f3 Bd7 21. O-O
Rde8 22. Nxg5 Qh6 23. Ngf3 Qxe3+ 24. Kh1 Nf2+ 25. Rxf2 Qxf2 26. cxd5 Rhf8 27.
Ng5 1/2-1/2

[Event "Bundesliga 2022-23"]
[Site "Deizisau GER"]
[Date "2022.11.27"]
[Round "4.5"]
[Board "4"]
[White "Burg, Twan"]
[Black "Kollars, Dmitrij"]
[Result "1/2-1/2"]
[WhiteTitle "GM"]
[BlackTitle "GM"]
[WhiteElo "2511"]
[BlackElo "2612"]
[WhiteTeam "SC Remagen Sinzig"]
[BlackTeam "Schachfreunde Deizisau"]
[WhiteFideId "1010697"]
[BlackFideId "12909572"]
[EventDate "2022.10.22"]

1. e4 e5 2. Nf3 Nc6 3. Nc3 Nf6 4. d4 exd4 5. Nxd4 Bb4 6. Nxc6 bxc6 7. Bd3 O-O 8.
O-O d5 9. Bd2 Rb8 10. Re1 Bg4 11. Qc1 Re8 12. exd5 cxd5 13. Rxe8+ Qxe8 14. Bg5
Bxc3 15. bxc3 Ne4 16. Bxe4 dxe4 17. Qf4 Qd7 18. Qxe4 Bf5 19. Qd4 Qxd4 20. cxd4
Bxc2 21. Bf4 Rb1+ 22. Rxb1 Bxb1 23. a3 c6 1/2-1/2

[Event "Bundesliga 2022-23"]
[Site "Deizisau GER"]
[Date "2022.11.27"]
[Round "4.5"]
[Board "5"]
[White "Zilka, Stepan"]
[Black "Swinkels, Robin"]
[Result "1/2-1/2"]
[WhiteTitle "GM"]
[BlackTitle "GM"]
[WhiteElo "2594"]
[BlackElo "2513"]
[WhiteTeam "Schachfreunde Deizisau"]
[BlackTeam "SC Remagen Sinzig"]
[WhiteFideId "315303"]
[BlackFideId "1010824"]
[EventDate "2022.10.22"]

1. e4 c5 2. Nf3 d6 3. d4 cxd4 4. Nxd4 Nf6 5. Nc3 Nc6 6. Bg5 e6 7. Qd3 Be7 8.
O-O-O O-O 9. h4 Bd7 10. Be2 Nxd4 11. Qxd4 Qc7 12. f4 Rfd8 13. f5 Rac8 14. fxe6
Bxe6 15. Rhf1 a6 16. Bxf6 Bxf6 17. Rxf6 gxf6 18. Rd3 Qe7 19. Rg3+ Kh8 20. Rf3
Rc5 21. Rxf6 Re5 22. Qf2 b5 23. Bd3 Rg8 24. Rf4 b4 25. Ne2 a5 26. Nd4 Qa7 27. h5
Rxh5 28. Rh4 Rxh4 29. Qf6+ Rg7 30. Qd8+ Rg8 31. Qf6+ Rg7 32. Qd8+ 1/2-1/2

[Event "Bundesliga 2022-23"]
[Site "Deizisau GER"]
[Date "2022.11.27"]
[Round "4.5"]
[Board "6"]
[White "Cyborowski, Lukasz"]
[Black "Kozul, Zdenko"]
[Result "1/2-1/2"]
[WhiteTitle "GM"]
[BlackTitle "GM"]
[WhiteElo "2490"]
[BlackElo "2549"]
[WhiteTeam "SC Remagen Sinzig"]
[BlackTeam "Schachfreunde Deizisau"]
[WhiteFideId "1108760"]
[BlackFideId "14502879"]
[EventDate "2022.10.22"]

1. e4 c5 2. Nf3 Nc6 3. Bb5 Qc7 4. O-O a6 5. Bxc6 dxc6 6. d3 e5 7. Be3 f6 8. a4
a5 9. Nfd2 Be6 10. f4 exf4 11. Bxf4 Qb6 12. Kh1 Ne7 13. Na3 Ng6 14. Nac4 Qd8 15.
Bg3 Be7 16. Ne3 O-O 17. Nf5 b5 18. Qe2 Re8 19. Nxe7+ Qxe7 20. b3 Bf7 21. Ra2 Nf8
22. Rfa1 Qd8 23. Bf2 Ne6 24. Be3 Nd4 25. Qf2 bxa4 26. Bxd4 axb3 27. Bxf6 gxf6
28. Nxb3 c4 29. dxc4 Rxe4 30. Rxa5 Rxa5 31. Nxa5 Qe8 32. Qg3+ Bg6 33. Rb1 Kg7
34. h3 c5 35. Nb7 Qe5 36. Qxe5 fxe5 37. Nxc5 Rxc4 38. Nd3 Bxd3 39. cxd3 Rd4 40.
Re1 Rxd3 41. Rxe5 h6 42. Kh2 1/2-1/2

[Event "Bundesliga 2022-23"]
[Site "Deizisau GER"]
[Date "2022.11.27"]
[Round "4.5"]
[Board "7"]
[White "Dautov, Rustem"]
[Black "Jaracz, Pawel"]
[Result "1/2-1/2"]
[WhiteTitle "GM"]
[BlackTitle "GM"]
[WhiteElo "2592"]
[BlackElo "2463"]
[WhiteTeam "Schachfreunde Deizisau"]
[BlackTeam "SC Remagen Sinzig"]
[WhiteFideId "4623606"]
[BlackFideId "1102222"]
[EventDate "2022.10.22"]

1. d4 Nf6 2. c4 e6 3. Nf3 Bb4+ 4. Bd2 a5 5. a3 Bxd2+ 6. Qxd2 O-O 7. Nc3 d6 8. e4
Nc6 9. Rd1 Qe7 10. Be2 e5 11. dxe5 Nxe5 12. Nd4 Be6 13. b3 Nc6 14. O-O Nxd4 15.
Qxd4 Rfe8 16. Rfe1 Bd7 17. f4 Bg4 18. Bxg4 Nxg4 19. Nd5 Qd8 20. c5 Ra6 21. h3
Nf6 22. Nxf6+ Qxf6 23. Qxf6 gxf6 24. cxd6 cxd6 25. Rd5 a4 26. b4 Rc6 27. Kf2
Rec8 28. Re3 Kf8 29. Ra5 Ra6 30. Rb5 Rc7 31. Rh5 Rc2+ 32. Kf3 Kg7 33. g3 Rac6
34. Ra5 Ra6 35. Rxa6 bxa6 36. Rd3 h5 37. Ke3 Ra2 38. Kd4 Kf8 39. Kc4 Rc2+ 40.
Rc3 Rb2 41. Kd5 Rb3 42. Kd4 Rb1 43. h4 Rd1+ 44. Kc4 Ke7 45. b5 a5 46. f5 Rb1 47.
g4 hxg4 48. Rg3 Rb3 49. Rxg4 Rxa3 50. h5 Rb3 51. h6 Rb4+ 52. Kc3 Rxb5 53. Rh4
Rb8 54. h7 Rh8 55. Rh6 Kf8 1/2-1/2

[Event "Bundesliga 2022-23"]
[Site "Deizisau GER"]
[Date "2022.11.27"]
[Round "4.5"]
[Board "8"]
[White "Dgebuadze, Alexandre"]
[Black "Kozak, Adam"]
[Result "0-1"]
[WhiteTitle "GM"]
[BlackTitle "GM"]
[WhiteElo "2430"]
[BlackElo "2516"]
[WhiteTeam "SC Remagen Sinzig"]
[BlackTeam "Schachfreunde Deizisau"]
[WhiteFideId "203882"]
[BlackFideId "753246"]
[EventDate "2022.10.22"]

1. c4 c5 2. Nc3 Nc6 3. g3 g6 4. Bg2 Bg7 5. d3 Rb8 6. Nh3 d6 7. Nf4 e6 8. h4 h6
9. Bd2 Nge7 10. a3 b6 11. b4 Bb7 12. Rb1 Qd7 13. Qa4 O-O 14. O-O Ba8 15. e4 Rbd8
16. Qd1 Nd4 17. Nfe2 f5 18. Nxd4 cxd4 19. Ne2 fxe4 20. dxe4 e5 21. Qb3 Qe6 22.
Qd3 Kh8 23. Rbc1 Bb7 24. Kh2 Ng8 25. Bh3 Qe7 26. Rc2 Rf7 27. f3 Rdf8 28. Nc1 Rf6
29. Be1 Qf7 30. Rcf2 Ba6 31. b5 Bb7 32. Nb3 a5 33. a4 Qe7 34. Nd2 R6f7 35. f4
Nf6 36. f5 gxf5 37. Bxf5 Nd7 38. Nb3 Nf6 39. Nd2 h5 40. Nf3 Ng4+ 41. Bxg4 hxg4
42. Nd2 Rxf2+ 43. Rxf2 Rxf2+ 44. Bxf2 Qf6 45. Kg1 Qg6 46. Kf1 Kg8 47. Ke2 Kf8
48. Kd1 Ke7 49. Qe2 Bh6 50. Kc2 Ke6 51. Kb2 Bxd2 52. Qxd2 Bxe4 53. Qe1 Qf5 54.
Qd2 Kd7 55. Be1 Bd3 56. c5 dxc5 57. Qh6 Qg6 58. Qh8 Ke6 59. h5 Qf7 60. Qc8+ Kf6
61. h6 c4 62. Qxg4 c3+ 63. Kc1 Qg6 64. Qf3+ Bf5 65. Qc6+ Kg5 66. g4 Bxg4 67.
Bh4+ Kh5 68. Qxg6+ Kxg6 69. Bg3 d3 70. Be1 d2+ 0-1

[Event "Bundesliga 2022-23"]
[Site "Deizisau GER"]
[Date "2022.11.27"]
[Round "4.6"]
[Board "1"]
[White "Maghsoodloo, Parham"]
[Black "Mamedyarov, Shakhriyar"]
[Result "1/2-1/2"]
[WhiteTitle "GM"]
[BlackTitle "GM"]
[WhiteElo "2721"]
[BlackElo "2747"]
[WhiteTeam "FC Bayern Muenchen"]
[BlackTeam "SC Viernheim"]
[WhiteFideId "12539929"]
[BlackFideId "13401319"]
[EventDate "2022.10.22"]

1. e4 e5 2. Nf3 Nc6 3. Bb5 a6 4. Ba4 Nf6 5. O-O Nxe4 6. d4 b5 7. Bb3 d5 8. dxe5
Be6 9. c3 Be7 10. Be3 O-O 11. Nbd2 Bg4 12. h3 Nxd2 13. hxg4 Nxf1 14. Kxf1 Na5
15. Bxd5 c6 16. Be4 Qxd1+ 17. Rxd1 Nc4 18. Bc1 Rfd8 19. Re1 Rac8 20. Nd4 Bc5 21.
Bf5 Rc7 22. e6 Bxd4 23. cxd4 Re8 24. b3 g6 25. bxc4 gxf5 26. gxf5 fxe6 27. fxe6
Rce7 28. d5 bxc4 29. Ba3 cxd5 30. Bxe7 Rxe7 31. Re5 d4 32. Re4 d3 33. Rxc4 Rxe6
34. Rd4 Re2 35. a3 Rd2 36. Ke1 Re2+ 37. Kf1 Rd2 38. Ke1 1/2-1/2

[Event "Bundesliga 2022-23"]
[Site "Deizisau GER"]
[Date "2022.11.27"]
[Round "4.6"]
[Board "3"]
[White "Georgiadis, Nico"]
[Black "Korobov, Anton"]
[Result "0-1"]
[WhiteTitle "GM"]
[BlackTitle "GM"]
[WhiteElo "2577"]
[BlackElo "2672"]
[WhiteTeam "FC Bayern Muenchen"]
[BlackTeam "SC Viernheim"]
[WhiteFideId "1300113"]
[BlackFideId "14105730"]
[EventDate "2022.10.22"]

1. e4 e6 2. d4 d5 3. Nc3 Nf6 4. Bg5 dxe4 5. Nxe4 Be7 6. Bxf6 gxf6 7. Qd2 f5 8.
Nc3 c6 9. Nf3 Nd7 10. g3 Qc7 11. Bg2 b6 12. O-O-O Bb7 13. Kb1 O-O-O 14. Ng5 Rdf8
15. f4 b5 16. Ne2 h6 17. Nf3 c5 18. dxc5 Nxc5 19. Ned4 a6 20. Ne5 Ne4 21. Qe2
Bf6 22. c4 Bxe5 23. fxe5 bxc4 24. g4 Kb8 25. gxf5 exf5 26. Nxf5 Qxe5 27. Rhe1
Rd8 28. Ne3 c3 29. Nc4 Rxd1+ 30. Qxd1 Qf4 31. Rf1 Qc7 32. b3 Rd8 33. Qc2 0-1

[Event "Bundesliga 2022-23"]
[Site "Deizisau GER"]
[Date "2022.11.27"]
[Round "4.6"]
[Board "4"]
[White "Anton Guijarro, David"]
[Black "Alonso Rosell, Alvar"]
[Result "1-0"]
[WhiteTitle "GM"]
[BlackTitle "GM"]
[WhiteElo "2655"]
[BlackElo "2563"]
[WhiteTeam "SC Viernheim"]
[BlackTeam "FC Bayern Muenchen"]
[WhiteFideId "2285525"]
[BlackFideId "2270544"]
[EventDate "2022.10.22"]

1. c4 e6 2. g3 d5 3. Bg2 Nf6 4. Nf3 Be7 5. O-O O-O 6. b3 b6 7. cxd5 Nxd5 8. Bb2
Bb7 9. d4 Nd7 10. Re1 N5f6 11. Nc3 c5 12. e4 cxd4 13. Nxd4 Bc5 14. Re2 Ne5 15.
Na4 Bxd4 16. Bxd4 Nc6 17. Bb2 Qe7 18. Rc1 Rfd8 19. Qe1 e5 20. Nc3 Nd4 21. Rd2
Qb4 22. f4 exf4 23. gxf4 Nh5 24. Qe3 Qc5 25. Kf2 Nxb3 26. Rxd8+ Rxd8 27. axb3
Rd2+ 28. Ne2 Qxe3+ 29. Kxe3 Rxb2 30. Rc7 Ba6 31. Bf3 g6 32. Bxh5 Rxb3+ 33. Kd4
gxh5 34. Ng3 Rb4+ 35. Ke5 Rc4 36. Rxa7 Rc5+ 37. Kf6 Rc6+ 38. Kg5 Bc8 39. f5 h6+
40. Kf4 b5 41. Nxh5 Kf8 42. Ke5 Ra6 43. Rc7 Ra8 44. Rc3 b4 45. Rb3 Ra5+ 46. Kd6
Rb5 47. Nf6 Bxf5 48. exf5 Rxf5 49. Nd5 Rh5 50. h3 1-0

[Event "Bundesliga 2022-23"]
[Site "Deizisau GER"]
[Date "2022.11.27"]
[Round "4.6"]
[Board "5"]
[White "Dragnev, Valentin"]
[Black "Amin, Bassem"]
[Result "1/2-1/2"]
[WhiteTitle "GM"]
[BlackTitle "GM"]
[WhiteElo "2544"]
[BlackElo "2667"]
[WhiteTeam "FC Bayern Muenchen"]
[BlackTeam "SC Viernheim"]
[WhiteFideId "1634852"]
[BlackFideId "10601457"]
[EventDate "2022.10.22"]

1. e4 e5 2. Nf3 Nc6 3. Bb5 Nf6 4. d3 d6 5. O-O Be7 6. c3 O-O 7. Re1 a6 8. Bxc6
bxc6 9. Nbd2 Re8 10. d4 exd4 11. cxd4 Bf8 12. Qc2 Bd7 13. b3 a5 14. a4 h6 15.
Bb2 g5 16. Nf1 d5 17. e5 Nh5 18. Ba3 Bg7 19. Ng3 Nf4 20. Nf5 Bxf5 21. Qxf5 Qc8
22. Nh4 Ne6 23. Nf3 Nf4 24. Nh4 Ne6 25. Nf3 1/2-1/2

[Event "Bundesliga 2022-23"]
[Site "Deizisau GER"]
[Date "2022.11.27"]
[Round "4.6"]
[Board "6"]
[White "Fedorchuk, Sergey A."]
[Black "Bogner, Sebastian"]
[Result "1-0"]
[WhiteTitle "GM"]
[BlackTitle "GM"]
[WhiteElo "2619"]
[BlackElo "2548"]
[WhiteTeam "SC Viernheim"]
[BlackTeam "FC Bayern Muenchen"]
[WhiteFideId "14102536"]
[BlackFideId "4692055"]
[EventDate "2022.10.22"]

1. e4 e5 2. Nf3 Nf6 3. Nxe5 d6 4. Nf3 Nxe4 5. Bd3 Nf6 6. O-O Be7 7. h3 O-O 8. c3
d5 9. Bc2 Re8 10. d4 Bd6 11. Bg5 Nbd7 12. Nbd2 Nf8 13. Re1 Rxe1+ 14. Qxe1 h6 15.
Bh4 Ng6 16. Bg3 Nf4 17. Qe3 N6h5 18. Bh2 Be6 19. Kh1 g5 20. Ne5 Qf6 21. Qf3 Ng7
22. Ng4 Bxg4 23. hxg4 Ne8 24. Nf1 c6 25. Re1 Be7 26. Re5 Ng7 27. Bxf4 gxf4 28.
Qd3 Ne6 29. Nh2 Bd6 30. Rh5 Ng5 31. Nf3 Ne4 32. Kg1 Re8 33. Nh4 Ng5 34. Kf1 Qe6
35. Qd1 Bf8 36. Nf5 a6 37. Bd3 Bg7 38. Be2 Bf8 39. Bf3 Bg7 40. Be2 Bf8 41. g3
fxg3 42. Nxg3 Ne4 43. Nf5 Nd6 44. Ne3 Ne4 45. Ng2 Bd6 46. Bd3 Ng5 47. Ne3 Bf4
48. Nf5 Ne4 49. Kg2 Nd6 50. Qf3 Bc1 51. Qg3 Ne4 52. Qh2 Kf8 53. f4 Qg6 54. Nxh6
Bxb2 55. Qh4 f6 56. Nf5 Kf7 57. Rh6 1-0

[Event "Bundesliga 2022-23"]
[Site "Deizisau GER"]
[Date "2022.11.27"]
[Round "4.6"]
[Board "7"]
[White "Lokander, Martin"]
[Black "Kovalenko, Igor"]
[Result "0-1"]
[WhiteTitle "IM"]
[BlackTitle "GM"]
[WhiteElo "2449"]
[BlackElo "2674"]
[WhiteTeam "FC Bayern Muenchen"]
[BlackTeam "SC Viernheim"]
[WhiteFideId "1709569"]
[BlackFideId "14117908"]
[EventDate "2022.10.22"]

1. d4 Nf6 2. c4 e6 3. Nc3 Bb4 4. a3 Bxc3+ 5. bxc3 c5 6. f3 d6 7. e4 Nc6 8. Be3
b6 9. Bd3 Na5 10. Ne2 Ba6 11. Ng3 Nd7 12. Qe2 Qc7 13. Rc1 O-O-O 14. f4 g6 15. e5
f5 16. exf6 Nxf6 17. O-O Rhe8 18. Rfe1 Rd7 19. Nf1 Rf7 20. Nd2 Nh5 21. Rf1 Kb8
22. g4 Nf6 23. Bf2 Bb7 24. Bg3 Qc6 25. g5 Qh1+ 26. Kf2 Qg2+ 27. Ke1 Qxe2+ 28.
Bxe2 Ne4 29. Nxe4 Bxe4 30. dxc5 bxc5 31. f5 exf5 32. Bxd6+ Kb7 33. Kf2 Kc6 34.
Bf4 Rb7 35. Kg3 Rb2 36. Rf2 Rd8 37. h4 Kb6 38. h5 gxh5 39. Bxh5 Rd3+ 40. Rf3
Bxf3 41. Bxf3 Nxc4 42. Rh1 Rxc3 43. Rh6+ Kb5 0-1

[Event "Bundesliga 2022-23"]
[Site "Deizisau GER"]
[Date "2022.11.27"]
[Round "4.6"]
[Board "8"]
[White "Wagner, Dennis"]
[Black "Fedorovsky, Michael"]
[Result "1-0"]
[WhiteTitle "GM"]
[BlackTitle "IM"]
[WhiteElo "2570"]
[BlackElo "2410"]
[WhiteTeam "SC Viernheim"]
[BlackTeam "FC Bayern Muenchen"]
[WhiteFideId "24650684"]
[BlackFideId "14105454"]
[EventDate "2022.10.22"]

1. d4 Nf6 2. c4 e6 3. Nf3 b6 4. g3 Ba6 5. b3 Bb4+ 6. Bd2 Be7 7. Bg2 c6 8. O-O
O-O 9. a4 d5 10. Na3 Nbd7 11. Qc2 Rc8 12. Rfc1 Ne4 13. Be1 f5 14. e3 g5 15. b4
Qe8 16. Qb3 Bb7 17. Nd2 Qf7 18. f3 Nef6 19. a5 bxa5 20. Nc2 axb4 21. Rxa7 Rb8
22. c5 Bxc5 23. dxc5 Nxc5 24. Qb1 Nd3 25. Nxb4 Nxc1 26. Qxc1 Ra8 27. Rxa8 Rxa8
28. Nb3 Nd7 29. Nd3 e5 30. Nbc5 Nxc5 31. Qxc5 Qf8 32. Qb6 Qb8 33. Bc3 Qa7 34.
Qxa7 Rxa7 35. Bxe5 Ra3 36. Nc5 Rxe3 37. Bd4 Re1+ 38. Kf2 Rb1 39. f4 g4 40. h4
Bc8 41. Bf1 h5 42. Bd3 Rc1 43. Nb3 Rh1 44. Bf1 Rh2+ 45. Bg2 Ba6 46. Kg1 Rxg2+
47. Kxg2 Kf7 48. Bc5 Bd3 49. Nd4 1-0

[Event "Bundesliga 2022-23"]
[Site "Dresden GER"]
[Date "2022.11.27"]
[Round "4.7"]
[Board "1"]
[White "Nisipeanu, Liviu-Dieter"]
[Black "Grandelius, Nils"]
[Result "1/2-1/2"]
[WhiteTitle "GM"]
[BlackTitle "GM"]
[WhiteElo "2615"]
[BlackElo "2651"]
[WhiteTeam "USV TU Dresden"]
[BlackTeam "Hamburger SK"]
[WhiteFideId "1202758"]
[BlackFideId "1710400"]
[EventDate "2022.10.22"]

1. d4 d5 2. c4 c6 3. cxd5 cxd5 4. Nc3 Nf6 5. Bf4 Nc6 6. e3 a6 7. Bd3 Bg4 8. Nge2
e6 9. O-O Bd6 10. Bxd6 Qxd6 11. h3 Bxe2 12. Qxe2 O-O 13. Rac1 Rfc8 14. Na4 Nd7
15. a3 Ne7 16. b4 a5 17. Nc5 axb4 18. axb4 b6 19. Nxd7 Qxd7 20. Qb2 g6 1/2-1/2

[Event "Bundesliga 2022-23"]
[Site "Dresden GER"]
[Date "2022.11.27"]
[Round "4.7"]
[Board "2"]
[White "Svane, Rasmus"]
[Black "Pechac, Jergus"]
[Result "1/2-1/2"]
[WhiteTitle "GM"]
[BlackTitle "GM"]
[WhiteElo "2615"]
[BlackElo "2633"]
[WhiteTeam "Hamburger SK"]
[BlackTeam "USV TU Dresden"]
[WhiteFideId "4657101"]
[BlackFideId "14926970"]
[EventDate "2022.10.22"]

1. d4 d5 2. c4 e6 3. Nc3 c5 4. cxd5 cxd4 5. Qa4+ Bd7 6. Qxd4 exd5 7. Qxd5 Nf6 8.
Qb3 Na6 9. g3 Nc5 10. Qc2 Rc8 11. Bg2 b5 12. Bg5 Ne6 13. Bxf6 Qxf6 14. Rd1 Bb4
15. Nf3 Bxc3+ 16. bxc3 Rxc3 17. Qd2 Rc7 18. Rc1 Rxc1+ 19. Qxc1 O-O 20. O-O Rc8
21. Qa3 1/2-1/2

[Event "Bundesliga 2022-23"]
[Site "Dresden GER"]
[Date "2022.11.27"]
[Round "4.7"]
[Board "3"]
[White "Gajewski, Grzegorz"]
[Black "Papp, Gabor1"]
[Result "1-0"]
[WhiteTitle "GM"]
[BlackTitle "GM"]
[WhiteElo "2589"]
[BlackElo "2564"]
[WhiteTeam "USV TU Dresden"]
[BlackTeam "Hamburger SK"]
[WhiteFideId "1116207"]
[BlackFideId "718602"]
[EventDate "2022.10.22"]

1. Nf3 d5 2. g3 Nc6 3. d4 Bf5 4. Bg2 e6 5. O-O Nb4 6. Na3 Be7 7. b3 h5 8. h4 Nf6
9. c3 Nc6 10. Nc2 Ne4 11. c4 Bf6 12. Bb2 g5 13. hxg5 Bxg5 14. Nxg5 Qxg5 15. Qc1
Qg6 16. cxd5 h4 17. dxc6 hxg3 18. fxg3 Qh5 19. Rxf5 Qh2+ 20. Kf1 Nxg3+ 21. Kf2
Ne4+ 22. Ke3 exf5 23. Qf1 Ng3 24. Qf3 O-O-O 25. cxb7+ Kb8 26. Nb4 Qh6+ 27. Qf4
Rde8+ 28. Kd3 Ne4 29. Qxh6 Rxh6 30. Rf1 Rg6 31. Bxe4 fxe4+ 32. Ke3 a5 33. Nd5
Rg3+ 34. Kd2 Rd8 35. Nf6 e3+ 36. Kd3 Kxb7 37. Ne4 Rg7 38. Rf5 Kb6 39. a4 Rg1 40.
Bc3 1-0

[Event "Bundesliga 2022-23"]
[Site "Dresden GER"]
[Date "2022.11.27"]
[Round "4.7"]
[Board "4"]
[White "Svane, Frederik"]
[Black "Michalik, Peter"]
[Result "0-1"]
[WhiteTitle "GM"]
[BlackTitle "GM"]
[WhiteElo "2566"]
[BlackElo "2558"]
[WhiteTeam "Hamburger SK"]
[BlackTeam "USV TU Dresden"]
[WhiteFideId "12923044"]
[BlackFideId "14907526"]
[EventDate "2022.10.22"]

1. e4 e5 2. Bc4 Nf6 3. d3 c6 4. Nf3 d5 5. Bb3 Bb4+ 6. Bd2 Bxd2+ 7. Nbxd2 a5 8.
a4 Bg4 9. h3 Bxf3 10. Qxf3 O-O 11. O-O Qd6 12. Rfe1 Nbd7 13. exd5 cxd5 14. Re2
Nc5 15. Qg3 Nfd7 16. Ba2 Ra6 17. Nf3 Ne6 18. Rae1 Nf4 19. Rxe5 Nxe5 20. Qxf4
Nxf3+ 21. Qxf3 Qb4 22. Re2 Re6 23. Bxd5 Rxe2 24. Qxe2 Qxb2 25. Bb3 Qd4 26. Qe7
b6 27. g3 Qf6 28. Qxf6 gxf6 29. f4 Re8 30. Kf2 f5 31. Bd5 Kf8 32. c4 Re7 33. Bf3
Ke8 34. d4 Kd8 35. Bg2 Rc7 36. Bf1 Rd7 37. d5 Rd6 38. Bd3 Rf6 39. Ke3 Ke7 40.
Kd4 Kd6 41. Ke3 Kc5 42. g4 fxg4 43. hxg4 Rh6 44. Ke4 Rh3 45. g5 h6 46. gxh6 Kd6
47. Be2 Rxh6 48. Bd3 Rh3 49. Be2 Ra3 50. Bd1 Rc3 51. Kd4 Rc1 52. Bh5 Rf1 53. Ke4
Ra1 54. Bxf7 Rxa4 55. Kd3 Ra3+ 56. Kd4 Rf3 57. Ke4 a4 0-1

[Event "Bundesliga 2022-23"]
[Site "Dresden GER"]
[Date "2022.11.27"]
[Round "4.7"]
[Board "5"]
[White "Vogel, Roven"]
[Black "Ernst, Sipke"]
[Result "1/2-1/2"]
[WhiteTitle "IM"]
[BlackTitle "GM"]
[WhiteElo "2463"]
[BlackElo "2538"]
[WhiteTeam "USV TU Dresden"]
[BlackTeam "Hamburger SK"]
[WhiteFideId "12908088"]
[BlackFideId "1004689"]
[EventDate "2022.10.22"]

1. c4 e6 2. d4 d5 3. Nc3 a6 4. cxd5 exd5 5. Nf3 h6 6. Bf4 Nf6 7. e3 Bd6 8. Be5
c6 9. Qc2 O-O 10. Bd3 Bxe5 11. Nxe5 c5 12. dxc5 Re8 13. Nf3 d4 14. Ne4 Nxe4 15.
Bxe4 Qa5+ 16. Nd2 dxe3 17. fxe3 Nd7 18. O-O Qxc5 19. Qb3 Nf6 20. Rac1 Qe5 21.
Bf3 Be6 22. Nc4 Bxc4 23. Rxc4 b5 24. Rc6 Ra7 25. Rd1 Qg5 26. Qc3 Rae7 27. Rc5
Qxe3+ 28. Qxe3 Rxe3 29. Rc6 a5 30. Ra6 a4 31. Rb6 R8e5 32. Rb8+ Kh7 33. Bc6 Ng4
34. Rf1 a3 35. bxa3 Rxa3 36. Bxb5 f5 37. Bc4 Rc3 38. Rc8 Rce3 39. Bg8+ Kg6 40.
Rc6+ Nf6 41. Bb3 h5 42. Rc4 Kg5 43. h4+ Kh6 44. Bc2 g6 45. Rc6 Nd5 46. Bb3 Ne7
47. Rc4 Nd5 48. Rc6 Ne7 49. Rc4 Nd5 1/2-1/2